| 000 | 00713nam a2200241Ia 4500 | ||
|---|---|---|---|
| 003 | OSt | ||
| 005 | 20220926023409.0 | ||
| 006 | a|||||r|||| 00| 0 | ||
| 007 | ta | ||
| 008 | 220923b |||||||| |||| 00| 0 eng d | ||
| 037 | _cGeneral Book | ||
| 040 |
_aRTL _cRTL _beng |
||
| 041 |
_2eng _aeng |
||
| 082 | _aUv41.N7, L4 | ||
| 100 |
_aMarch Andrew L _9329021 |
||
| 245 | 0 |
_aIdea of China _bMyth and theory in geographic though |
|
| 260 |
_aNewton _bAbbet David and Charles _c1974 |
||
| 300 |
_a164p. Bib p. 142-60 _ccm. |
||
| 490 | _aEast Asian Institute of Calumbia University | ||
| 650 | _aGeography | ||
| 942 |
_hUv41.N7, L4 _cGB _2CC |
||
| 999 |
_c641515 _d641515 |
||